Philip Seymour Hoffman Movies By Costars Quiz Stats

 Plays Quiz not verified by Sporcle

Challenge
Share
Tweet
Embed
Score 0/25 Timer 04:00
0 Plays Today
% Correct
Boogie Nights
91.9%
Along Came Polly
91.9%
Charlie Wilson's War
91.9%
Moneyball
91.9%
Punch-Drunk Love
91.4%
The Big Lebowski
90.9%
The Talented Mr. Ripley
90.9%
Scent of a Woman
90%
Twister
90%
Patch Adams
89.5%
Almost Famous
89.5%
Doubt
89.5%
Mission: Impossible III
89%
% Correct
The Invention of Lying
86.6%
The Ides of March
86.1%
The Master
86.1%
Red Dragon
84.7%
Magnolia
84.2%
Capote
82.8%
When a Man Loves a Woman
73.7%
Before the Devil Knows You're Dead
73.7%
25th Hour
71.8%
The Getaway
71.3%
Leap of Faith
69.9%
Nobody's Fool
69.4%

You're not logged in!

Compare scores with friends on all Sporcle quizzes.
OR
Log In

You Might Also Like...

Show Comments

Extras

Top Quizzes Today


Score Distribution

Your Account Isn't Verified!

In order to create a playlist on Sporcle, you need to verify the email address you used during registration. Go to your Sporcle Settings to finish the process.

Report this User

Report this user for behavior that violates our Community Guidelines.

Details: